000
00309nam a22001337a 4500
008
171030b xxu||||| |||| 00| 0 eng d
020
_a
9780136086314
041
_a
eng
080
_2
9TH
_a
336
100
_a
56
101
_a
FIN
245
_a
UNDERSTANDING FINANCIAL STATEMENTS
_c
FRASER,L.M
942
_2
udc
_c
BK
999
_c
36376
_d
36376